000 01294cam a2200133 4500500
005 20260329023222.0
041 _afre
042 _adc
100 1 0 _aMüller, Elise
_eauthor
245 0 0 _aDans la peau d'une ado
260 _bArmand Colin,
_c2015.
520 _aQui sont les adolescentes d’aujourd’hui ? Quelles questions se posent-elles, sur elles-mêmes, sur les autres ? Quels moyens mettent-elles en oeuvre pour y répondre ? Comment appréhendent-elles leur avenir, leur « devenir femme », dans un contexte moderne incertain et parfois hostile ?Loin des a priori et des stéréotypes sur l’ado acnéique et mal dans sa peau, cet ouvrage, fruit d’une enquête menée auprès d’une quarantaine de jeunes filles, vient explorer l’ensemble de ces thématiques et proposer un regard neuf et positif sur l’adolescence. Presque à la manière d’un journal intime, en accordant une large place à la parole des ados interrogées, il invite le lecteur à se mettre à leur écoute, à se glisser véritablement « dans la peau » d’une ado d’aujourd’hui, et à saisir ainsi avec finesse l’intensité de leur rapport à l’instant présent.
856 4 1 _uhttps://shs.cairn.info/dans-la-peau-d-une-ado--9782200294434?lang=fr&redirect-ssocas=7080
999 _c1925571
_d1925571